1735 1241 1055 1577 1409 1900 1133 1631 1735 1840 1932 1543 1703 1969 1258 1351 1363 1396 1541 1390 1104 1320 1674 1018 1785 1806 1694 1057 1295 1894 1570 1546 1836 1352 1915 1327 1031 1257 1598 1113 1134 1099 1268 1225 1182 1116 1363 1686 1604 1576 1780 1538 1551 1517 1071 1532 1550 1035 1789 1381 1379 1723 1160 1941 1446 1284 1420 1037 1618 1121 1185 1896 1285 1553 1191 1044 1432 1311 1175 1358 1769 1849 1464 1161 1440 1771 1936 1361 1597 1293 1849 1357 1104 1875 1921 1903 1874 1879 1636 BCNSPRNW ULIB Ver.6.0+V

เปลี่ยนเป็นภาษาไทย

Change to English
 แสดงรายละเอียดบรรณานุกรม
  กลับหน้าหลัก

Brief Record : Get Marc (ISO 2709) : E-mail record : QR code < ปิดหน้าต่าง
LEADER : 00000nam 2200000uu 4500
001    13399112691
003     ULIB
008    110627s2553||||th 000 0 tha d
020    9786160600908
090    นว.^bน189ค 2553
100 0  นภชล
245 00 ความรู้สึกดีที่เรียกว่ารัก : ต่างมุมรัก/^cนภชล
250    พิมพ์ครั้งที่ 2
260    กรุงเทพฯ :^bแจ่มใส,^c2553
300    278 หน้า
710 1  แจ่มใส
945    ^p199^l0^i028069
995    ทศพร
999 ^a ใช้งานได้ทุกระบบ
รายการนี้ยังไม่มีแท็ก
คุณยังไม่ได้ล็อกอิน คุณสามารถมีกิจกรรมร่วมกับเว็บไซต์ได้ แต่ต้องล็อกอินก่อน ::
  ล็อกอิน

รายการสื่อสารสนเทศ

ลำดับที่ ประเภท เลขเรียก/บาร์โค้ด สถานที่ สถานะ
- ไม่พบข้อมูล -

รายการใกล้เคียง
    ผู้แต่ง [นภชล]

BibComment


ยังไม่เคยถูกคอมเมนท์

คอมเมนท์ทรัพยากรรายการนี้
  คอมเมนท์: ความรู้สึกดีที่เร..


 Copyright 2026. Bcnsprnw @Library